000 00450 a2200133 4500
001 ART_62049
005 20260410162055.0
008 260409a
245 1 0 _aNormas contables para la actividad agropecuaria: evolución y situación actual con la NUA
100 1 _aTonelli, Omar E.
700 1 _aSimaro, Jorge D.
700 1 _aMartinefski, María Inés
773 0 _tConsultor agropecuario
_g- Nº 70 (nov./dic. 2024)
_wREV56842
999 _c36200
_d36200